LEADER 01733nam0 2200433 i 450 001 VAN00046861 005 20260409092413.700 010 $a978-08-987146-2-3$bpbk 100 $a20060630d2000 |0itac50 ba 101 $aeng 102 $aUS 105 $a|||| ||||| 181 $ai$b e 182 $an 183 $anc 200 1 $aˆA ‰multigrid tutorial$fWilliam L. Briggs, Van Emden Henson, Steve F. McCormick 205 $a2. ed 210 $aPhiladelphia$cSIAM$d2000 215 $aXII, 193 p.$cill.$d25 cm 500 1$3VAN00302352$aˆA ‰multigrid tutorial$94558433 606 $a65-XX$xNumerical analysis [MSC 2020]$3VANC019772$2MF 620 $dPhiladelphia$3VANL000037 700 1$aBriggs$bWilliam L.$3VANV037315$0104342 701 1$aHenson$bVan E.$3VANV037317$01899192 701 1$aMcCormick$bSteve F.$3VANV037318$0604179 712 $aSIAM $3VANV108794$4650 790 1$aBriggs, William Leon$zBriggs, William L.$3VANV262190 790 1$aBriggs, W. L.$zBriggs, William L.$3VANV262191 790 1$aBriggs, W.L.$zBriggs, William L.$3VANV262192 790 1$aHenson, Van Emden$zHenson, Van E.$3VANV063471 790 1$aHenson, V. E.$zHenson, Van E.$3VANV262188 790 1$aHenson, V.E.$zHenson, Van E.$3VANV262189 801 $aIT$bSOL$c20260410$gRICA 856 4 $u/sebina/repository/catalogazione/documenti/ID 46861.pdf$zID 46861.pdf 899 $aBIBLIOTECA DEL DIPARTIMENTO DI MATEMATICA E FISICA$1IT-CE0120$2VAN08 912 $aVAN00046861 950 $aBIBLIOTECA DEL DIPARTIMENTO DI MATEMATICA E FISICA$d08PREST 65-XX 0556 $e08 5618 III 20060706 996 $aMultigrid tutorial$94558433 997 $aUNICAMPANIA